Al-Biruni : Zaman kehidupan dan peranannya

Bibliographic Details
Main Author: Said, Hakim Mohammed
Other Authors: Abd Latif Samian, Khan, hAnsar Zahid
Format: Book
Published: Kuala Lumpur : DBP , 1992
Subjects:

MARC

LEADER 00000cam a2200000 7i4500
001 0000004134
002 000004447
005 20000330.0
020 |a 9836227393 
090 0 0 |a 925.0955   |b SAI 
100 1 |a Said, Hakim Mohammed 
245 1 0 |a Al-Biruni :   |b Zaman kehidupan dan peranannya   |c HakimMohammad Said dan Ansar Zahid Khan ; diterjemahkan oleh Abd.Latif Saman 
260 |a Kuala Lumpur :   |b DBP ,   |c 1992 
300 |a 242p. ;   |c 23cm. 
600 0 0 |a Biruni, Muhammad ibu Ahmad 
650 0 0 |a Astronomy, medieval 
650 0 0 |a Scietists,Iran   |x Biography 
700 0 |a Abd Latif Samian 
700 1 |a Khan, hAnsar Zahid 
999 |a 033433   |b BUKU   |c PINJAMAN   |e PERPUSTAKAAN KOMUNITI PETALING JAYA